Prieskum záujmovej štruktúry u detí s poruchami správania : Záverečná práca

Saved in:
Bibliographic Details
Main Author: Marková, Martina (Author)
Other Authors: Bustinová, Ľudmila, 1946- (xxx)
Format: Manuscript Book
Language:Slovak
Published: Trnava : STU v Bratislave MtF KIPP, 2002
Subjects:
Tags: Add Tag
No Tags, Be the first to tag this record!

MARC

LEADER 00000ntm a22000003a 4500
001 stu79255
005 20160719155017.4
008 030225s2002----xo------------------slo-d
040 |a STU  |b slo 
041 0 |a slo 
044 |a xo 
100 1 |a Marková, Martina  |4 aut 
245 1 |a Prieskum záujmovej štruktúry u detí s poruchami správania :  |b Záverečná práca 
260 |a Trnava :  |b STU v Bratislave MtF KIPP,  |c 2002 
300 |a 49 s 
650 7 |a poruchy správania  |2 stusub 
650 7 |a vývin záujmov  |2 stusub 
650 7 |a inžinierska psychológia  |2 stusub 
700 1 |a Bustinová, Ľudmila,  |d 1946-  |4 xxx  |u M220  |U MTF Ústav inžinierskej pedagogiky a humatitných vied  |T MTF Katedra inžinierskej pedagogiky a psychológie  |X 283  |U M220  |Y M220  |7 A000000283 
996 |b 284M061166  |c M*ZP-66  |l MMSKP  |s P  |a 0  |w stu79255_0001